00463nam a2200181 a 4500001001300000003000900013005001700022008004100039020001100080082001600091100001900107245002700126260004800153500003500201505001000236650001600246700001900262nice12345678IN_TiNIC20260116013359.0050524s1993 cama grp 000 0 eng  ac234500a340.59bMAL aMallat, Chibli aRenewal of Islamic Law aCambridgebCambridge University Pressc1993 aincludes index and biblioraphy2 aIndex aIslamic-Law1 aMallat, Chibli